000
00321nam a22001457a 4500
008
221114b ||||| |||| 00| 0 eng d
020
_a
605658
041
_a
eng
080
_a
621
082
_a
621 GAL
100
_a
19.1
101
_a
MATE
245
_a
ON MOTION AND ON MECHANICS
_c
GALILEO GALILEI
942
_2
udc
_c
BK
999
_c
58896
_d
58896